Labour Market Developments in Visegrad Countries: Ten Years of EU Membership

Vývoj na trhu práce v krajinách Vyšehradskej štvorky a dopad ekonomického vývoja na nich. 10 rokov členstva krajín V 4 v EÚ. Zelená ekonomika, zelená práca.

Guardado en:
Detalles Bibliográficos
Autor principal: Klimko, Roman, 1985-
Otros Autores: Rievajová, Eva
Formato: Capítulo de libro
Lenguaje:inglés
Materias:
Etiquetas: Agregar Etiqueta
Sin Etiquetas, Sea el primero en etiquetar este registro!

MARC

LEADER 00000naa$a2200000$$$4500
001 0221886
005 20240502083549.5
041 0 |a eng 
044 |a PL 
245 1 0 |a Labour Market Developments in Visegrad Countries: Ten Years of EU Membership  |c Roman Klimko, Eva Rievajová 
520 |a Vývoj na trhu práce v krajinách Vyšehradskej štvorky a dopad ekonomického vývoja na nich. 10 rokov členstva krajín V 4 v EÚ. Zelená ekonomika, zelená práca. 
610 2 0 |a trh práce 
610 2 0 |a Vyšehradská štvorka 
610 2 0 |a vývoj hospodársky 
610 2 0 |a ekonomika environmentálna 
610 2 0 |a nezamestnanosť 
100 1 |a Klimko, Roman, 1985- 
700 1 |a Rievajová, Eva